00835cam a2200277 a 45000010008000000030004000080050017000120080041000290100018000700200015000880350020001030350023001230350026001460350017001720400018001890430012002070500025002190820022002441000019002662450063002852600050003483000058003984400023004565040041004796510037005201063953OSt20180116183022.0920211c19901989ii af b 000 0deng c a 91152928  a8185370001 a(OCoLC)25364706 a(OCoLC)ocm25364706 a(CStRLIN)NYCG92-B9791 a(NNC)1063953 aCtYcCtYdNNC aa-ii---14aDS480.842b.S44 1989 a954.0359 SEE 19891 aSeervai, H. M.10aPartition of India blegend and Reality cby H.M. Seervai. aBombay :bEmmenem Publications,c1990, c1989. axxxvii, 237 p., [4] p. of plates :bill. ; HBc22 cm. aPartition of India aIncludes bibliographical references. 0aIndiaxHistoryyPartition, 1947.